000 00636nam a2200229Ia 4500
003 OSt
005 20221007071935.0
006 a|||||r|||| 00| 0
007 ta
008 221006b |||||||| |||| 00| 0 eng d
024 _a14,172
037 _cTextual
040 _aFLL
_cFLL
_beng
041 _2eng
_aeng
082 _aX:5:Z5y7, L9
100 _aPlender R. Au.
_9689721
245 0 _aCases and materials on the law of the europe communities
260 _aLondon
_bMacmillan press ltd. London
_c1979
300 _a457p
_ccm.
942 _hX:5:Z5y7, L9
_cTEXL
_2CC
999 _c1144735
_d1144735